| 000 | 01476nam a2200409Ii 4500 | ||
|---|---|---|---|
| 001 | DIGEDICNSB0116 | ||
| 003 | NyNyDIG | ||
| 008 | 221020s2014 sp o 000 0 spa d | ||
| 006 | m o d | ||
| 007 | cr ||||||||||| | ||
| 035 | _a(OCoLC)1379474849 | ||
| 040 |
_aDGITA _beng _erda _epn _cDGITA |
||
| 020 |
_a9788490198421 _qeBook |
||
| 020 | _z9788466655392 | ||
| 050 | 1 | 4 | _aP211 ebook |
| 100 | 1 |
_aMuñoz, Gonzalo Andrés, _d1982- _eauthor. |
|
| 245 | 1 | 0 |
_aOrtografía / _cGonzalo Andrés Muñoz. |
| 250 | _aEdición en formato digital. | ||
| 264 | 1 |
_aBarcelona (España) : _bEdiciones B, _c[2014] |
|
| 300 | _a1 online resource. | ||
| 336 |
_atext _btxt _2rdacontent |
||
| 337 |
_acomputer _bc _2rdamedia |
||
| 338 |
_aonline resource _bcr _2rdacarrier |
||
| 347 |
_atext file _2rdaft |
||
| 347 | _bEPUB | ||
| 500 | _a"El fenómeno que arrasa online : La importancia de hablar y escribir bien." | ||
| 588 | 0 | _aOnline resource; title from ePub title page (Digitalia, viewed October 20, 2022) | |
| 650 | 0 | _aWriting. | |
| 650 | 0 | _aTeaching. | |
| 650 | 0 | _aSocial networks. | |
| 791 | 2 |
_aDigitalia (Firm), _edistributor. |
|
| 793 | 0 |
_gDigitalia eBook Collection: _aEdiciones B |
|
| 776 | 0 | 8 |
_iPrint version: _aMuñoz, Gonzalo Andrés, 1982- _tOrtografía. _dBarcelona (España) : Ediciones B, [2014] _z9788466655392 |
| 856 | 4 | 0 |
_3Digitalia Hispánica _uhttps://www.digitaliapublishing.com/a/53489/ |
| 910 | _aPremium collection: 2022 | ||
| 942 | _cRAA | ||
| 999 |
_c253593 _d253593 |
||